| Tag |
First Indicator |
Second Indicator |
Subfields |
| LEADER |
00000cam a22000004a 4500 |
| 001 |
in00003385941 |
| 006 |
m o d |
| 007 |
cr |||||||nn|n |
| 008 |
120125s2012 si o d eng d |
| 005 |
20260608205055.6 |
| 010 |
|
|
|z 2011315682
|
| 020 |
|
|
|a 9789814311205
|
| 020 |
|
|
|z 9789814311199 (pbk.)
|
| 035 |
|
|
|a (MdBmJHUP)muse9789814311205
|
| 040 |
|
|
|a MdBmJHUP
|c MdBmJHUP
|d UtOrBLW
|
| 043 |
|
|
|a as-----
|
| 050 |
0 |
0 |
|a HC441.Z9
|b P68 2012
|
| 245 |
0 |
0 |
|a Poverty and global recession in Southeast Asia /
|c edited by Aris Ananta and Richard Barichello.
|
| 264 |
|
1 |
|a Singapore :
|b Institute of Southeast Asian Studies,
|c 2012.
|
| 300 |
|
|
|a 1 online resource (xxviii, 432 pages :) :
|b illustrations
|
| 336 |
|
|
|a text
|b txt
|2 rdacontent
|
| 337 |
|
|
|a computer
|b c
|2 rdamedia
|
| 338 |
|
|
|a online resource
|b cr
|2 rdacarrier
|
| 500 |
|
|
|a Papers originally presented at a conference and a public seminar.
|
| 504 |
|
|
|a Includes bibliographical references and index.
|
| 588 |
|
|
|a Description based on print version record.
|
| 500 |
|
|
|a Electronic resource.
|
| 650 |
|
0 |
|a Financial crises
|x Social aspects
|z Southeast Asia
|v Congresses.
|
| 650 |
|
0 |
|a Food prices
|z Southeast Asia
|v Congresses.
|
| 650 |
|
0 |
|a Poor
|z Southeast Asia
|x Social conditions
|v Congresses.
|
| 650 |
|
0 |
|a Food supply
|z Southeast Asia
|v Congresses.
|
| 650 |
|
0 |
|a Poverty
|z Southeast Asia
|v Congresses.
|
| 655 |
|
7 |
|a Electronic books.
|2 local
|
| 700 |
1 |
|
|a Barichello, Richard R.
|
| 700 |
1 |
|
|a Ananta, Aris.
|
| 856 |
4 |
0 |
|u http://proxy.library.tamu.edu/login?url=https://muse.jhu.edu/books/9789814311205/
|z Connect to the full text of this electronic book
|t 0
|
| 999 |
|
|
|a MARS
|
| 999 |
f |
f |
|s 39820bb9-4ee2-319d-a3e7-f7915527aeb2
|i 89b1fac8-46f9-3113-b2ec-ed57a57677b7
|t 0
|
| 952 |
f |
f |
|a Texas A&M University
|b College Station
|c Electronic Resources
|s www_evans
|d Available Online
|t 0
|e HC441.Z9 P68 2012
|h Library of Congress classification
|
| 998 |
f |
f |
|a HC441.Z9 P68 2012
|t 0
|l Available Online
|